Solving Problems in Fluid Mechanics (Record no. 3691)

MARC details
000 -LEADER
fixed length control field 00581nam a22002177a 4500
003 - CONTROL NUMBER IDENTIFIER
control field OSt
005 - DATE AND TIME OF LATEST TRANSACTION
control field 20240621152154.0
008 - FIXED-LENGTH DATA ELEMENTS--GENERAL INFORMATION
fixed length control field 160421b xxu||||| |||| 00| 0 eng d
020 ## - INTERNATIONAL STANDARD BOOK NUMBER
International Standard Book Number 0582239885
040 ## - CATALOGING SOURCE
Transcribing agency 040a
082 ## - DEWEY DECIMAL CLASSIFICATION NUMBER
Classification number 532 DOU 1996
100 ## - MAIN ENTRY--PERSONAL NAME
Personal name Douglas, J. F.; Matthews, R. D.
9 (RLIN) 8184
245 ## - TITLE STATEMENT
Title Solving Problems in Fluid Mechanics
250 ## - EDITION STATEMENT
Edition statement 3rd.ed
Remainder of edition statement Vol. 2
260 ## - PUBLICATION, DISTRIBUTION, ETC. (IMPRINT)
Place of publication, distribution, etc. Harlow;
Name of publisher, distributor, etc. Prentice hall,
Date of publication, distribution, etc. 1996
300 ## - PHYSICAL DESCRIPTION
Extent vii, 289p;
Other physical details ill :
Dimensions 14 cm.
504 ## - BIBLIOGRAPHY, ETC. NOTE
Bibliography, etc Includes index
650 ## - SUBJECT ADDED ENTRY--TOPICAL TERM
Topical term or geographic name as entry element Fluid mechanics
9 (RLIN) 8032
650 ## - SUBJECT ADDED ENTRY--TOPICAL TERM
Topical term or geographic name as entry element Mechanics
9 (RLIN) 819
942 ## - ADDED ENTRY ELEMENTS (KOHA)
Source of classification or shelving scheme Dewey Decimal Classification
Koha item type Short Loan
Holdings
Withdrawn status Lost status Source of classification or shelving scheme Damaged status Not for loan Home library Current library Date acquired Source of acquisition Inventory number Total Checkouts Full call number Barcode Date last seen Koha item type
    Dewey Decimal Classification     MUST Main Library MUST Main Library 21/04/2016 Purchase 03/19380   532 DOU 1996 2016-1145 21/04/2016 Open Shelf
    Dewey Decimal Classification     MUST Main Library MUST Main Library 25/04/2016 Purchase 03/19378   532 DOU 1996 2016-1230 25/04/2016 Open Shelf